| 000 | 00800nam a22002297a 4500 | ||
|---|---|---|---|
| 999 |
_c17439 _d17439 |
||
| 003 | AR-CdUCM | ||
| 008 | 190508b ||||| |||| 00| 0 spa d | ||
| 040 |
_aMUNICIPALIDAD PROVINCIAL DEL CUSCO _cBIBLIOTECA MUNICIPAL DEL CUSCO |
||
| 082 |
_a539.7 / _bB75 |
||
| 100 |
_aBosch, Horacio E. _937456 |
||
| 245 | _aNociones de Física nuclear y radiodosimetría / | ||
| 260 |
_aBuenos Aires : _bEditorial universitaria de Buenos Aires, _c1965. |
||
| 300 |
_a63 paginas ; _c25 cm. |
||
| 500 | _aNucleo | ||
| 505 | _aContenido: Estructura atómica y nuclear -- Rayos X -- Radiactividad -- Interacción de particulas Alfa | ||
| 650 |
_aNucleo _919843 |
||
| 650 |
_aAtomica _922952 |
||
| 650 |
_aRayos X _921319 |
||
| 700 |
_aAbecasis, Sara M _937457 |
||
| 942 |
_2ddc _cLIBROS |
||
| 945 |
_apjha _d2019-05-08 |
||